000 01270nam a22002657a 4500
003 MN-UlNLM
005 20250204095209.0
008 250204s1969 rur||||| |||| 00| 0 rus d
040 _aUB01000001
_bmon
_cMN-UlNLM
_dMN-UlNLM
_erda
041 0 _arus
084 _210-t
_a778.5
_bС 242
_q85
100 1 _aСвердлин, Л.
245 1 _aНа экране и на сцене
_cЗохиолч: Л. Свердлин; Редактор: М. Веснин
264 1 _aМосква
_bБюро продаганы советского киноискусства
_c1969
300 _a55 хуудастай
336 _2rdacontent
_aТекст
_btxt
337 _2rdamedia
_aunmediated
_bn
338 _2rdacarrier
_avolume
_bnc
505 _tПостижение <<тайного тайных>>-3--
_tЖизнь в образе-20--
_tО ,,красках" роли-28--
_tДни детства и юности-43--
_tПервая киносъемка-53
546 _arus
_bКирилл
650 4 _aУрлагийн шинжлэх ухаан (Кино урлаг)
880 1 _6245-01(N
_aNa ėkrane i na st︠s︡ene
_cZohiolch: L. Sverdlin; Redaktor: Мв Besnin
880 1 _6264-02(N
_aMoskva
_bBi︠u︡ro propagandy sovetskogo kinoiskusstva
_c1969
942 _210-t
_cBK
999 _c1155631
_d1155688